Normal view
MARC view
- الفقه المالكي- الاسلام والسياسة- التاريخ الاسلامي- افريقيا الشمالية
Entry Topical Term
001 - CONTROL NUMBER
- control field: 52488
003 - CONTROL NUMBER IDENTIFIER
- control field: JO-AjAnu
005 - DATE AND TIME OF LATEST TRANSACTION
- control field: 20230606082628.0
008 - FIXED-LENGTH DATA ELEMENTS
- fixed length control field: 230606|| aca||aabn | a|a d
040 ## - CATALOGING SOURCE
- Original cataloging agency: JO-AjAnu
- Transcribing agency: JO-AjAnu
150 ## - HEADING--TOPICAL TERM
- Topical term or geographic name entry element: الفقه المالكي- الاسلام والسياسة- التاريخ الاسلامي- افريقيا الشمالية
670 ## - SOURCE DATA FOUND
- Source citation: Work cat.: (JO-AjAnu)26821: بولطيف، لخضر محمد, author 52487, فقهاء المالكية والتجربة السياسية الموحدية في الغرب الإسلامي 510-668هـ / 1116-1269م